Bí quyết sống lâu hay làm thế nào để sống lâu

Salvato in:
Dettagli Bibliografici
Autore principale: Bordeianu, Ion
Natura: Libro
Lingua:Undetermined
Pubblicazione: Hà Nội Y học 1975
Soggetti:
Tags: Aggiungi Tag
Nessun Tag, puoi essere il primo ad aggiungerne! !
Thư viện lưu trữ: Trung tâm Học liệu Trường Đại học Cần Thơ
LEADER 00555nam a2200181Ia 4500
001 CTU_7267
008 210402s9999 xx 000 0 und d
082 |a 613.0438 
082 |b B727 
100 |a Bordeianu, Ion 
245 0 |a Bí quyết sống lâu hay làm thế nào để sống lâu 
245 0 |c Ion Bordeianu 
260 |a Hà Nội 
260 |b Y học 
260 |c 1975 
650 |a Health education,Public health 
904 |i Nguyễn Quang Điền, 960601 
980 |a Trung tâm Học liệu Trường Đại học Cần Thơ